00293pab a2200121 454500008004000000100001900040245003600059260000900095300001300104362001000117650001000127773003400137180718b2017 xxu||||| |||| 00| 0 eng d aPunwani, Jyoti aWhen even memory of a riot dies c2017 ap.41-45. a2 Dec aRiots aEconomic and Political Weekly